| 000 | 00585nam a2200193 4500 | ||
|---|---|---|---|
| 001 | 14553 | ||
| 005 | 20230410102003.0 | ||
| 008 | 060907n2003 dr spa | ||
| 020 | _a9993413222 | ||
| 035 | _9funglode14676 | ||
| 041 | _aES | ||
| 050 | 1 | 4 | _a118 F 1973 C697b 2003 |
| 100 | _aCollado, Miguel | ||
| 245 | 1 |
_aBibliohemerografía hostosiana de autores dominicanos (1876-2003) / _cMiguel Collado |
|
| 260 |
_aSanto Domingo : _bBiblioteca Nacional, _c2003 |
||
| 300 | _a112 p. | ||
| 440 | _aColección Biblioteca Nacional Pedro Henríquez Ureña | ||
| 942 |
_2lcc _cbk |
||
| 999 |
_c16939 _d16939 |
||